| 000 | 00427nam a22001577a 4500 | ||
|---|---|---|---|
| 999 |
_c8679 _d8679 |
||
| 003 | OSt | ||
| 008 | 200702b ||||| |||| 00| 0 eng d | ||
| 020 | _a9789388293310 | ||
| 100 | _aK. S. Jain, J. N. Kadam, M. G. Shinde | ||
| 245 | _aPharmaceutical Inorganic Chemistry | ||
| 250 | _a2nd | ||
| 260 |
_aNew Delhi _bNirali Prakashan _c2018 |
||
| 300 | _aMISC | ||
| 650 | _aPharmaceutical Inorganic Chemisty | ||
| 942 |
_2ddc _cBK _018 |
||